5HLuxD.jpg

KING HENRY VIII SENIOR AND PRIMARY SCHOOL LIBRARY OPAC

Yellow Copter / (Record no. 3995)

000 -LEADER
fixed length control field 00858cam a2200253 a 4500
001 - CONTROL NUMBER
control field (Sirsi) a901860
003 - CONTROL NUMBER IDENTIFIER
control field OSt
005 - DATE AND TIME OF LATEST TRANSACTION
control field 20241204144307.0
008 - FIXED-LENGTH DATA ELEMENTS--GENERAL INFORMATION
fixed length control field 150612s2015 nyua a 000 1 eng d
020 ## - INTERNATIONAL STANDARD BOOK NUMBER
International Standard Book Number 9780451469915
Qualifying information (hard) :
040 ## - CATALOGING SOURCE
Original cataloging agency DLC
Language of cataloging eng
Transcribing agency DLC
Modifying agency TAE
-- KH8
042 ## - AUTHENTICATION CODE
Authentication code nbic
082 0# - DEWEY DECIMAL CLASSIFICATION NUMBER
Classification number 813.54 HAM
100 1# - MAIN ENTRY--PERSONAL NAME
Personal name Hamilton, K. R.
Fuller form of name (Kersten R.)
Relator term author.
245 10 - TITLE STATEMENT
Title Yellow Copter /
Statement of responsibility, etc. by Kersten Hamilton ; illustrated by Valeria Petrone.
260 ## - PUBLICATION, DISTRIBUTION, ETC.
Place of publication, distribution, etc. New York :
Name of publisher, distributor, etc. Viking,
Date of publication, distribution, etc. c2015.
300 ## - PHYSICAL DESCRIPTION
Extent [26] p. :
Other physical details col. ill. ;
Dimensions 26 cm.
520 ## - SUMMARY, ETC.
Summary, etc. "A teacher is stuck on a Ferris wheel! Who can save her? WHUP WHUP WHUP...it's Yellow Copter!"--
Assigning source Provided by publisher.
521 1# - TARGET AUDIENCE NOTE
Target audience note 2-5.
650 #0 - SUBJECT ADDED ENTRY--TOPICAL TERM
Topical term or geographic name entry element Helicopters
Form subdivision Juvenile fiction.
650 #0 - SUBJECT ADDED ENTRY--TOPICAL TERM
Topical term or geographic name entry element Rescue work
Form subdivision Juvenile fiction.
700 1# - ADDED ENTRY--PERSONAL NAME
Personal name Petrone, Valeria.
Relator term Ill.
942 ## - ADDED ENTRY ELEMENTS (KOHA)
Source of classification or shelving scheme
Koha item type Books - Non Ficton
Holdings
Withdrawn status Lost status Source of classification or shelving scheme Damaged status Not for loan Collection code Permanent Location Current Location Date acquired Full call number Barcode Date last seen Price effective from Koha item type
        Ordered Non-Fiction KH8 Primary School Library KH8 Primary School Library 2024-12-04 813.54 HAM KHPL000004690 2025-12-05 2024-12-04 Books - Non Ficton

Powered By KH8 IT Dept